[Event "Kecskemet Caissa IM 06"]
[Site "Kecskemet"]
[Date "2013.06.21"]
[Round "8"]
[White "Hajnal, Zoltan"]
[Black "Gupta, Bhaskar"]
[Result "1/2-1/2"]
[WhiteElo "2359"]
[BlackElo "2242"]
[PlyCount "34"]
[EventDate "2013.06.15"]
[EventType "tourn"]
[EventRounds "10"]
[EventCountry "HUN"]
[EventCategory "1"]
[SourceTitle "CBM 155 Extra"]
[Source "ChessBase"]
[SourceDate "2013.08.26"]
[SourceVersion "1"]
[SourceVersionDate "2013.08.26"]
[SourceQuality "1"]

1. e4 e6 2. d4 d5 3. Nc3 Nf6 4. e5 Nfd7 5. f4 c5 6. Nf3 Nc6 7. Be3 a6 8. Qd2 b5 9. Ne2 Qb6 10. g4 cxd4 11. Nexd4 Bc5 12. a3 g5 13. c3 gxf4 14. Bxf4 Bxd4 15. cxd4 Na5 16. Rd1 Nc4 17. Bxc4 dxc4 1/2-1/2

[Event "Kecskemet Caissa IM 06"]
[Site "Kecskemet"]
[Date "2013.06.16"]
[Round "3"]
[White "Gupta, Bhaskar"]
[Black "Hajnal, Zoltan"]
[Result "1/2-1/2"]
[WhiteElo "2242"]
[BlackElo "2359"]
[PlyCount "28"]
[EventDate "2013.06.15"]
[EventType "tourn"]
[EventRounds "10"]
[EventCountry "HUN"]
[EventCategory "1"]
[SourceTitle "CBM 155 Extra"]
[Source "ChessBase"]
[SourceDate "2013.08.26"]
[SourceVersion "1"]
[SourceVersionDate "2013.08.26"]
[SourceQuality "1"]

1. e4 e5 2. Nf3 Nc6 3. Bb5 a6 4. Ba4 Nf6 5. d3 d6 6. c3 g6 7. d4 Bd7 8. 0-0 Bg7 9. Re1 0-0 10. Nbd2 Re8 11. h3 h6 12. Bb3 Nh5 13. Nf1 Na5 14. Bc2 c5 1/2-1/2

[Event "Kecskemet Caissa IM New Year"]
[Site "Kecskemet"]
[Date "2013.01.04"]
[Round "10"]
[White "Holm, Kristian Stuvik"]
[Black "Gupta, Bhaskar"]
[Result "1/2-1/2"]
[WhiteElo "2274"]
[BlackElo "2227"]
[PlyCount "33"]
[EventDate "2012.12.27"]
[EventType "tourn"]
[EventRounds "10"]
[EventCountry "HUN"]
[EventCategory "1"]
[SourceTitle "EXT 2014"]
[Source "ChessBase"]
[SourceDate "2013.11.20"]
[SourceVersion "1"]
[SourceVersionDate "2013.11.20"]
[SourceQuality "1"]

1. Nf3 Nf6 2. g3 d5 3. Bg2 c6 4. c4 Bf5 5. 0-0 e6 6. d4 h6 7. Nc3 Be7 8. Nd2 0-0 9. e4 dxe4 10. Ndxe4 Nbd7 11. Nxf6+ Nxf6 12. b3 Qd7 13. Bb2 Rad8 14. Na4 Be4 15. Bxe4 Nxe4 16. Qe2 Nf6 17. Rad1 1/2-1/2

[Event "Kecskemet Caissa IM New Year"]
[Site "Kecskemet"]
[Date "2013.01.01"]
[Round "7"]
[White "Gupta, Bhaskar"]
[Black "Erdelyi, Tamas"]
[Result "1/2-1/2"]
[WhiteElo "2227"]
[BlackElo "2137"]
[PlyCount "58"]
[EventDate "2012.12.27"]
[EventType "tourn"]
[EventRounds "10"]
[EventCountry "HUN"]
[EventCategory "1"]
[SourceTitle "EXT 2014"]
[Source "ChessBase"]
[SourceDate "2013.11.20"]
[SourceVersion "1"]
[SourceVersionDate "2013.11.20"]
[SourceQuality "1"]

1. e4 c5 2. c3 d5 3. exd5 Qxd5 4. d4 e6 5. Nf3 Nf6 6. Na3 Nc6 7. Be3 cxd4 8. Nb5 Qd8 9. Nbxd4 Nxd4 10. Bxd4 Be7 11. Bd3 0-0 12. Qc2 g6 13. 0-0 Bd7 14. Ne5 Qc7 15. Rad1 Be8 16. c4 Rc8 17. Qb3 b6 18. Rfe1 Bc6 19. Nxc6 Qxc6 20. Qc3 Nd7 21. b3 a5 22. Re3 Rfd8 23. Rh3 e5 24. Bxe5 Nxe5 25. Qxe5 Qc5 26. Qf4 Bg5 27. Qf3 Rd4 28. Qe2 Rcd8 29. Rf3 Qd6 1/2-1/2

[Event "Kecskemet Caissa IM New Year"]
[Site "Kecskemet"]
[Date "2012.12.30"]
[Round "5"]
[White "Gupta, Bhaskar"]
[Black "Holm, Kristian Stuvik"]
[Result "1/2-1/2"]
[WhiteElo "2227"]
[BlackElo "2274"]
[PlyCount "36"]
[EventDate "2012.12.27"]
[EventType "tourn"]
[EventRounds "10"]
[EventCountry "HUN"]
[EventCategory "1"]
[SourceTitle "EXT 2014"]
[Source "ChessBase"]
[SourceDate "2013.11.20"]
[SourceVersion "1"]
[SourceVersionDate "2013.11.20"]
[SourceQuality "1"]

1. e4 g6 2. d4 Bg7 3. Nc3 d6 4. f4 Nf6 5. Nf3 0-0 6. Bd3 Na6 7. 0-0 c5 8. d5 Bg4 9. h3 Bxf3 10. Rxf3 Nd7 11. a4 Nb4 12. Bf1 Rc8 13. Na2 Nxa2 14. Rxa2 c4 15. Be3 Qa5 16. Bd4 Bxd4+ 17. Qxd4 Qc5 18. Qxc5 Rxc5 1/2-1/2

[Event "Kecskemet Caissa GM 12"]
[Site "Kecskemet"]
[Date "2012.12.19"]
[Round "4"]
[White "Gupta, Bhaskar"]
[Black "Kojima, Shinya"]
[Result "0-1"]
[WhiteElo "2227"]
[BlackElo "2340"]
[PlyCount "78"]
[EventDate "2012.12.14"]
[EventType "tourn"]
[EventRounds "10"]
[EventCountry "HUN"]
[EventCategory "6"]
[SourceTitle "EXT 2014"]
[Source "ChessBase"]
[SourceDate "2013.11.20"]
[SourceVersion "1"]
[SourceVersionDate "2013.11.20"]
[SourceQuality "1"]

1. e4 c6 2. d4 d5 3. Nc3 dxe4 4. Nxe4 Bf5 5. Ng3 Bg6 6. h4 h6 7. Nf3 Nd7 8. h5 Bh7 9. Bd3 Bxd3 10. Qxd3 e6 11. Bd2 Ngf6 12. 0-0-0 Be7 13. Kb1 Qb6 14. Ne4 Rd8 15. Nxf6+ Nxf6 16. c4 0-0 17. Bc3 c5 18. Ne5 Rd6 19. dxc5 Qxc5 20. Bd4 Qc7 21. f3 Rfd8 22. Qc3 Nd7 23. Nd3 Bf6 24. Bxf6 Nxf6 25. g4 b5 26. c5 Rd4 27. Qb3 Qc6 28. Rhf1 a5 29. a3 R8d5 30. Qc3 Qd7 31. c6 Qc7 32. b3 Rd6 33. Kb2 b4 34. axb4 axb4 35. Qc2 Nd5 36. Rfe1 Nc3 37. Rd2 Rxc6 38. Rc1 Rcd6 39. Ra1 Qd8 0-1

[Event "Kecskemet Caissa GM 09"]
[Site "Kecskemet"]
[Date "2012.09.23"]
[Round "10"]
[White "Gupta, Bhaskar"]
[Black "Ilincic, Zlatko"]
[Result "1/2-1/2"]
[WhiteElo "2218"]
[BlackElo "2450"]
[PlyCount "48"]
[EventDate "2012.09.15"]
[EventType "tourn"]
[EventRounds "10"]
[EventCountry "HUN"]
[EventCategory "8"]
[SourceTitle "CBM 150 Extra"]
[Source "ChessBase"]
[SourceDate "2012.10.19"]
[SourceVersion "1"]
[SourceVersionDate "2012.10.19"]
[SourceQuality "1"]

1. e4 e5 2. Nf3 Nf6 3. Nxe5 d6 4. Nf3 Nxe4 5. Nc3 Nf6 6. d4 d5 7. Bg5 Be7 8. Bd3 Nbd7 9. Qd2 Nf8 10. 0-0-0 Ne6 11. h4 c6 12. Kb1 h6 13. Bxf6 Bxf6 14. Bf5 g6 15. Bh3 h5 16. Rde1 0-0 17. Ne5 Ng7 18. Bxc8 Qxc8 19. Qf4 Bxe5 20. Rxe5 Re8 21. Rhe1 Rxe5 22. Rxe5 Qd7 23. Nd1 Re8 24. Rxe8+ Nxe8 1/2-1/2

[Event "Kecskemet Caissa GM 09"]
[Site "Kecskemet"]
[Date "2012.09.22"]
[Round "9"]
[White "Groszpeter, Attila"]
[Black "Gupta, Bhaskar"]
[Result "1/2-1/2"]
[WhiteElo "2481"]
[BlackElo "2218"]
[PlyCount "56"]
[EventDate "2012.09.15"]
[EventType "tourn"]
[EventRounds "10"]
[EventCountry "HUN"]
[EventCategory "8"]
[SourceTitle "CBM 150 Extra"]
[Source "ChessBase"]
[SourceDate "2012.10.19"]
[SourceVersion "1"]
[SourceVersionDate "2012.10.19"]
[SourceQuality "1"]

1. Nf3 Nf6 2. g3 d5 3. Bg2 Bg4 4. c4 c6 5. cxd5 cxd5 6. Qb3 Qb6 7. Qxb6 axb6 8. d3 e6 9. Nc3 Nc6 10. 0-0 h6 11. Bd2 Bc5 12. Rfc1 0-0 13. Nb5 Rfc8 14. h3 Bxf3 15. Bxf3 Nd4 16. Nxd4 Bxd4 17. Bc3 Bxc3 18. bxc3 Ra3 19. c4 dxc4 20. Rxc4 Rxc4 21. dxc4 Rc3 22. Rb1 Rxc4 23. Rxb6 Rc2 24. a4 Rc4 25. Rxb7 Rxa4 26. Rb8+ Kh7 27. Rb7 Kg8 28. Rb8+ Kh7 1/2-1/2

[Event "Kecskemet Caissa GM 09"]
[Site "Kecskemet"]
[Date "2012.09.21"]
[Round "8"]
[White "Gupta, Bhaskar"]
[Black "Ashwin, Jayaram"]
[Result "0-1"]
[WhiteElo "2218"]
[BlackElo "2473"]
[PlyCount "76"]
[EventDate "2012.09.15"]
[EventType "tourn"]
[EventRounds "10"]
[EventCountry "HUN"]
[EventCategory "8"]
[SourceTitle "CBM 150 Extra"]
[Source "ChessBase"]
[SourceDate "2012.10.19"]
[SourceVersion "1"]
[SourceVersionDate "2012.10.19"]
[SourceQuality "1"]

1. e4 c5 2. c3 d5 3. exd5 Qxd5 4. d4 Nc6 5. Nf3 Bf5 6. Na3 cxd4 7. Nb5 0-0-0 8. cxd4 e5 9. Nc3 Qa5 10. Qa4 Qxa4 11. Nxa4 Bb4+ 12. Bd2 Bxd2+ 13. Nxd2 Nxd4 14. Rc1+ Kb8 15. f3 Nc2+ 16. Kd1 Nd4 17. Nc3 Ne7 18. Bc4 Rd7 19. Ke1 Nc2+ 20. Ke2 Nc6 21. Nde4 N6d4+ 22. Kf2 Bg6 23. a3 f5 24. Ng3 f4 25. Nge4 Ne3 26. Ba2 Rhd8 27. Rhe1 b6 28. h3 a6 29. Rg1 Ndc2 30. Ke2 Nd4+ 31. Kf2 Nb5 32. Nxb5 axb5 33. Rc6 Rd2+ 34. Nxd2 Rxd2+ 35. Ke1 Rd1+ 36. Kf2 Rd2+ 37. Ke1 Rxb2 38. Be6 Bd3 0-1

[Event "Kecskemet Caissa GM 09"]
[Site "Kecskemet"]
[Date "2012.09.19"]
[Round "6"]
[White "Sax, Gyula"]
[Black "Gupta, Bhaskar"]
[Result "1-0"]
[WhiteElo "2451"]
[BlackElo "2218"]
[PlyCount "71"]
[EventDate "2012.09.15"]
[EventType "tourn"]
[EventRounds "10"]
[EventCountry "HUN"]
[EventCategory "8"]
[SourceTitle "CBM 150 Extra"]
[Source "ChessBase"]
[SourceDate "2012.10.19"]
[SourceVersion "1"]
[SourceVersionDate "2012.10.19"]
[SourceQuality "1"]

1. e4 e6 2. d4 d5 3. e5 c5 4. c3 Nc6 5. Nf3 Qb6 6. a3 c4 7. Nbd2 f6 8. g3 fxe5 9. Nxe5 Nxe5 10. dxe5 Bc5 11. Qh5+ g6 12. Qe2 Ne7 13. Bg2 0-0 14. 0-0 Nf5 15. Nf3 Bd7 16. g4 Ng7 17. Bh6 Rae8 18. Rad1 Ba4 19. Rd2 Rf7 20. Nd4 Bxd4 21. Rxd4 Ref8 22. f4 Bd7 23. Kh1 Bc8 24. Rf3 Qc6 25. Rg3 Kh8 26. h4 Rg8 27. Rh3 Bd7 28. Bf3 Qc8 29. Qh2 Rgf8 30. Bd1 Rg8 31. Bc2 Qc7 32. Bg5 Ne8 33. h5 gxh5 34. Rxh5 Bc8 35. Qh4 Rgf8 36. Bg6 1-0

[Event "Kecskemet Caissa GM 07"]
[Site "Kecskemet"]
[Date "2012.07.23"]
[Round "3"]
[White "Aczel, Gergely"]
[Black "Gupta, Bhaskar"]
[Result "1-0"]
[WhiteElo "2433"]
[BlackElo "2195"]
[PlyCount "137"]
[EventDate "2012.07.21"]
[EventType "tourn"]
[EventRounds "9"]
[EventCountry "HUN"]
[EventCategory "6"]
[SourceTitle "CBM 149 Extra"]
[Source "ChessBase"]
[SourceDate "2012.08.24"]
[SourceVersion "1"]
[SourceVersionDate "2012.08.24"]
[SourceQuality "1"]

1. b3 e5 2. Bb2 Nc6 3. e3 Nf6 4. Bb5 Bd6 5. Ne2 a6 6. Bxc6 dxc6 7. h3 0-0 8. d3 Re8 9. Nd2 c5 10. Ng3 Bd7 11. 0-0 Bc6 12. Qe2 b6 13. Rad1 Bf8 14. Nc4 Nd7 15. e4 g6 16. f4 Qh4 17. Qf2 Qxf4 18. Qxf4 exf4 19. Rxf4 Bg7 20. Bxg7 Kxg7 21. Rdf1 f6 22. Ne2 Re6 23. R4f2 Rf8 24. Nf4 Re7 25. Ne3 Ne5 26. Ned5 Bxd5 27. exd5 Rfe8 28. Ne6+ Rxe6 29. dxe6 Rxe6 30. Rd2 Nc6 31. Kf2 Kf7 32. c3 Rd6 33. Re1 a5 34. g4 Rd7 35. Re3 Rd6 36. Ke1 Rd5 37. Kd1 h5 38. gxh5 Rxh5 39. Rf2 Rd5 40. Ke2 f5 41. Kd2 Kf6 42. Rfe2 Rd6 43. Re8 Kg5 44. R2e6 Rxe6 45. Rxe6 Nd8 46. Re8 Nc6 47. Ke3 Kf6 48. h4 Ne7 49. c4 Nc6 50. Rc8 Nd4 51. Rxc7 f4+ 52. Kf2 Nf5 53. Rc6+ Kf7 54. Rc7+ Kf6 55. Rc6+ Kf7 56. Rxb6 Nxh4 57. Rc6 g5 58. Rxc5 Kf6 59. Rxa5 g4 60. Rh5 g3+ 61. Ke1 Nf5 62. c5 Ne3 63. Ke2 Kg6 64. Rh8 g2 65. Kf2 Kf5 66. Rg8 Ke5 67. Rxg2 Kd5 68. Rg5+ Kc6 69. Kf3 1-0

[Event "Kecskemet Caissa IM 04"]
[Site "Kecskemet"]
[Date "2012.04.24"]
[Round "5"]
[White "Gupta, Bhaskar"]
[Black "Sarosi, Zoltan"]
[Result "1/2-1/2"]
[WhiteElo "2077"]
[BlackElo "2301"]
[PlyCount "100"]
[EventDate "2012.04.21"]
[EventType "tourn"]
[EventRounds "10"]
[EventCountry "HUN"]
[SourceTitle "EXT 2013"]
[Source "ChessBase"]
[SourceDate "2012.11.22"]
[SourceVersion "1"]
[SourceVersionDate "2012.11.22"]
[SourceQuality "1"]

1. e4 c5 2. c3 d5 3. exd5 Qxd5 4. d4 Nf6 5. Nf3 Bg4 6. Nbd2 cxd4 7. Bc4 Qd7 8. Ne5 Bxd1 9. Bxf7+ Kd8 10. Nxd7 Nbxd7 11. Kxd1 dxc3 12. bxc3 e5 13. Kc2 Bc5 14. f3 Rc8 15. Re1 Rc7 16. Bb3 Re8 17. Ne4 Nxe4 18. Rxe4 Nf6 19. Re1 Kc8 20. Kb2 h6 21. Be3 Rd8 22. Bxc5 Rxc5 23. Rad1 Rxd1 24. Rxd1 Kc7 25. Be6 Rc6 26. Bf5 Rd6 27. Rxd6 Kxd6 28. c4 Kc5 29. Kc3 Ne8 30. Be4 Nd6 31. Bd3 b6 32. a3 g5 33. g3 Nb7 34. Be4 Nd6 35. Bd3 a6 36. h4 gxh4 37. gxh4 Nb7 38. Bf5 Na5 39. Be6 Nc6 40. Kd3 Nd4 41. Bg4 Kd6 42. f4 Nb3 43. Ke4 Nd2+ 44. Kd3 Nb3 45. Ke4 exf4 46. Kxf4 Nd2 47. Be2 Nb1 48. c5+ bxc5 49. Bxa6 Nxa3 50. Kf5 Ke7 1/2-1/2

[Event "Kecskemet Caissa IM 03"]
[Site "Kecskemet"]
[Date "2012.03.24"]
[Round "9"]
[White "Hajnal, Zoltan"]
[Black "Gupta, Bhaskar"]
[Result "1-0"]
[WhiteElo "2405"]
[BlackElo "2077"]
[PlyCount "73"]
[EventDate "2012.03.17"]
[EventType "tourn"]
[EventRounds "10"]
[EventCountry "HUN"]
[SourceTitle "CBM 147 Extra"]
[Source "ChessBase"]
[SourceDate "2012.04.24"]
[SourceVersion "1"]
[SourceVersionDate "2012.04.24"]
[SourceQuality "1"]

1. e4 e6 2. d4 d5 3. Nc3 Bb4 4. e5 c5 5. Qg4 Ne7 6. dxc5 Nbc6 7. Qxg7 Rg8 8. Qxh7 d4 9. a3 Qa5 10. Rb1 dxc3 11. Be3 cxb2+ 12. axb4 Qxb4+ 13. Bd2 Qxc5 14. Qe4 Bd7 15. Rxb2 0-0-0 16. f4 Nd5 17. Nf3 Qa3 18. Rb3 Qa1+ 19. Kf2 f5 20. Qc4 Kb8 21. Qc5 Be8 22. Rg1 Qa2 23. Qc4 Nb6 24. Qxe6 Bh5 25. Bd3 Bxf3 26. gxf3 Nd4 27. Qxg8 Rxg8 28. Rxg8+ Nc8 29. e6 Kc7 30. Rc3+ Nc6 31. Bxf5 N8e7 32. Rg7 Kd6 33. Rd3+ Kc5 34. Be3+ Kb5 35. Rb3+ Ka4 36. Bd3 a6 37. Bc5 1-0

[Event "Kecskemet Caissa IM 03"]
[Site "Kecskemet"]
[Date "2012.03.19"]
[Round "4"]
[White "Gupta, Bhaskar"]
[Black "Hajnal, Zoltan"]
[Result "0-1"]
[WhiteElo "2077"]
[BlackElo "2405"]
[PlyCount "56"]
[EventDate "2012.03.17"]
[EventType "tourn"]
[EventRounds "10"]
[EventCountry "HUN"]
[SourceTitle "CBM 147 Extra"]
[Source "ChessBase"]
[SourceDate "2012.04.24"]
[SourceVersion "1"]
[SourceVersionDate "2012.04.24"]
[SourceQuality "1"]

1. e4 e5 2. Nf3 Nc6 3. Bb5 a6 4. Ba4 Nf6 5. d3 b5 6. Bb3 Be7 7. a4 Rb8 8. axb5 axb5 9. Nc3 d6 10. h3 0-0 11. 0-0 Be6 12. Bxe6 fxe6 13. Ng5 Qd7 14. f4 exf4 15. Bxf4 h6 16. Nf3 Nxe4 17. Nxe4 Rxf4 18. Qd2 Rbf8 19. Ng3 e5 20. Qe3 Nb4 21. Qd2 Nd5 22. Ne2 Rxf3 23. gxf3 Qxh3 24. Nc3 Ne3 25. Rf2 Qg3+ 26. Kh1 Ng4 27. Rg2 Qh3+ 28. Kg1 Bg5 0-1

[Event "Budapest FS12 FM-A"]
[Site "Budapest"]
[Date "2011.12.11"]
[Round "9"]
[White "Gupta, Bhaskar"]
[Black "Koczo, Kristof"]
[Result "1/2-1/2"]
[WhiteElo "1998"]
[BlackElo "2147"]
[PlyCount "115"]
[EventDate "2011.12.03"]
[EventType "tourn"]
[EventRounds "11"]
[EventCountry "HUN"]
[SourceTitle "CBM 145 Extra"]
[Source "ChessBase"]
[SourceDate "2012.01.03"]
[SourceVersion "1"]
[SourceVersionDate "2012.01.03"]
[SourceQuality "1"]

1. e4 c6 2. d4 d5 3. e5 e6 4. c3 b6 5. Nd2 Ba6 6. Bxa6 Nxa6 7. Nf1 Qd7 8. Nf3 Ne7 9. Ng3 Rc8 10. 0-0 g6 11. Bg5 Nf5 12. Nxf5 gxf5 13. Qd2 Be7 14. b3 Nc7 15. Bf6 Rg8 16. Qh6 Qd8 17. Bxe7 Qxe7 18. Qxh7 Kd7 19. Qh4 Qxh4 20. Nxh4 c5 21. a4 cxd4 22. cxd4 Na6 23. Rac1 Nb4 24. Nf3 Na2 25. Rxc8 Rxc8 26. h4 Nc1 27. b4 Rc4 28. Rd1 Ne2+ 29. Kf1 Nc3 30. Rc1 Nxa4 31. Rxc4 dxc4 32. h5 Ke7 33. h6 Kf8 34. h7 Kg7 35. Ng5 a5 36. bxa5 bxa5 37. Nxf7 Kxh7 38. Ng5+ Kg8 39. Nxe6 Nc3 40. Ke1 a4 41. Kd2 Ne4+ 42. Kc2 Nxf2 43. Nc7 Nd3 44. Nb5 Ne1+ 45. Kc3 Nxg2 46. Kxc4 Ne3+ 47. Kb4 f4 48. Nd6 f3 49. Ne4 Nd5+ 50. Ka3 Kg7 51. Nf2 Nb6 52. Ne4 Kg6 53. e6 Nd5 54. Nf2 Kf5 55. Kxa4 Kxe6 56. Kb5 Kf5 57. Kc5 Nf6 58. d5 1/2-1/2

[Event "Budapest FS12 FM-A"]
[Site "Budapest"]
[Date "2011.12.10"]
[Round "8"]
[White "Laza, Szabolcs"]
[Black "Gupta, Bhaskar"]
[Result "0-1"]
[WhiteElo "1869"]
[BlackElo "1998"]
[PlyCount "114"]
[EventDate "2011.12.03"]
[EventType "tourn"]
[EventRounds "11"]
[EventCountry "HUN"]
[SourceTitle "CBM 145 Extra"]
[Source "ChessBase"]
[SourceDate "2012.01.03"]
[SourceVersion "1"]
[SourceVersionDate "2012.01.03"]
[SourceQuality "1"]

1. d4 Nf6 2. c4 g6 3. Nc3 d5 4. e3 Bg7 5. Qb3 e6 6. Qa3 Nc6 7. Nf3 a5 8. b3 Nb4 9. Qb2 0-0 10. Be2 c5 11. 0-0 Ne4 12. Rd1 b6 13. a3 Nc6 14. Nb5 Na7 15. Nxa7 Rxa7 16. Qc2 cxd4 17. Nxd4 Qh4 18. Bf3 Ng5 19. Be2 dxc4 20. Qxc4 Ba6 21. Qc2 Rc8 22. Qa2 Ne4 23. Bxa6 Rxa6 24. Qe2 Ra7 25. Bb2 Rac7 26. Rac1 Rxc1 27. Rxc1 Rxc1+ 28. Bxc1 Bxd4 29. exd4 Nf6 30. Be3 Qe4 31. Qd1 Nd5 32. Qc1 Qd3 33. Bh6 Nc3 34. Kh1 Qxd4 35. h3 Qd1+ 36. Qxd1 Nxd1 37. Kg1 Nc3 38. Kf1 e5 39. Ke1 f5 40. Bc1 e4 41. Be3 Nd5 42. Bd4 Kf7 43. Kd2 Ke6 44. g3 Kd6 45. a4 Kc6 46. Kc2 g5 47. h4 gxh4 48. gxh4 h5 49. Kd2 f4 50. Ke2 f3+ 51. Kd2 Kd6 52. Bg7 Ke6 53. Bh6 Kf5 54. Bg5 Kg4 55. Bd8 Kh3 56. Ke1 Kg2 57. Bg5 e3 0-1

[Event "Budapest FS11 FM-A"]
[Site "Budapest"]
[Date "2011.11.13"]
[Round "9"]
[White "Juracsik, Jozsef"]
[Black "Gupta, Bhaskar"]
[Result "0-1"]
[WhiteElo "2172"]
[BlackElo "1998"]
[PlyCount "52"]
[EventDate "2011.11.05"]
[EventType "tourn"]
[EventRounds "11"]
[EventCountry "HUN"]
[SourceTitle "EXT 2012"]
[Source "ChessBase"]
[SourceDate "2011.11.24"]
[SourceVersion "1"]
[SourceVersionDate "2011.11.24"]
[SourceQuality "1"]

1. e4 e6 2. Nc3 d5 3. d4 Bb4 4. Nge2 dxe4 5. a3 Bxc3+ 6. Nxc3 Nc6 7. Bb5 Nge7 8. Nxe4 Qd5 9. Qd3 f5 10. Ng3 Qxg2 11. Bf4 Nd5 12. Bxc6+ bxc6 13. Be5 0-0 14. 0-0-0 Qxf2 15. Rde1 Nf4 16. Qc4 Qf3 17. d5 Ng6 18. dxe6 Nxe5 19. Rxe5 Ba6 20. Qh4 f4 21. e7 Rfe8 22. Kb1 fxg3 23. hxg3 h6 24. Rhe1 Rab8 25. Ka1 Qf6 26. Qh5 Rxe7 0-1

[Event "Budapest FS11 FM-A"]
[Site "Budapest"]
[Date "2011.11.10"]
[Round "6"]
[White "Gupta, Bhaskar"]
[Black "Letay, Gyula"]
[Result "1-0"]
[WhiteElo "1998"]
[BlackElo "2029"]
[PlyCount "75"]
[EventDate "2011.11.05"]
[EventType "tourn"]
[EventRounds "11"]
[EventCountry "HUN"]
[SourceTitle "EXT 2012"]
[Source "ChessBase"]
[SourceDate "2011.11.24"]
[SourceVersion "1"]
[SourceVersionDate "2011.11.24"]
[SourceQuality "1"]

1. e4 c5 2. c3 Nf6 3. e5 Nd5 4. d4 cxd4 5. Nf3 Nc6 6. Bc4 Nb6 7. Bb3 d6 8. exd6 Qxd6 9. 0-0 d3 10. Na3 Bf5 11. Nb5 Qd7 12. Nbd4 Nxd4 13. Bxf7+ Kd8 14. cxd4 e6 15. Bh5 Bd6 16. Bg5+ Kc7 17. Rc1+ Kb8 18. Nh4 h6 19. Be3 Qe7 20. Ng6 Bxg6 21. Bxg6 a6 22. Qxd3 Nd5 23. Rfe1 Qf6 24. Be4 Ka7 25. a3 Raf8 26. Bxd5 exd5 27. b4 g5 28. b5 Rc8 29. bxa6 bxa6 30. Rc2 Rxc2 31. Qxc2 Qd8 32. Qc6 Bc7 33. Rb1 Bb6 34. a4 Rh7 35. Qg6 Rh8 36. Qg7+ Bc7 37. Rc1 Kb6 38. Rxc7 1-0